[Event "Olympiad-27"]
[Site "Dubai"]
[Date "1986.11.29"]
[Round "13"]
[White "Rahman, Jamilur"]
[Black "Small, Vernon A"]
[Result "0-1"]
[WhiteElo "2235"]
[BlackElo "2360"]
[PlyCount "90"]
[EventDate "1986.11.15"]
[EventType "team-swiss"]
[EventRounds "14"]
[EventCountry "UAE"]
[SourceTitle "TD"]
[Source "ChessBase"]
[SourceDate "1994.03.01"]
[SourceVersion "1"]
[SourceVersionDate "1994.03.01"]
[SourceQuality "1"]
[WhiteTeam "Bangladesh"]
[BlackTeam "New Zealand"]
[WhiteTeamCountry "BAN"]
[BlackTeamCountry "NZL"]

1. e4 c5 2. Nc3 Nc6 3. g3 g6 4. Bg2 Bg7 5. d3 d6 6. Nge2 e6 7. 0-0 Nge7 8. Be3 Nd4 9. Qd2 0-0 10. Nd1 b6 11. c3 Nxe2+ 12. Qxe2 Ba6 13. f3 Qd7 14. Nf2 f5 15. Rfd1 e5 16. Qd2 Nc6 17. Bh6 Rae8 18. Bxg7 Kxg7 19. Re1 f4 20. g4 Qe7 21. a3 Rh8 22. b4 h5 23. h3 hxg4 24. Nxg4 Bc8 25. b5 Bxg4 26. hxg4 Nd8 27. d4 cxd4 28. cxd4 Ne6 29. dxe5 dxe5 30. Rac1 Nd4 31. Rc4 Rd8 32. Qb2 Rd7 33. Rec1 Rhd8 34. a4 Kh6 35. Kf1 Kg5 36. Qc3 Qd6 37. Rd1 Qe6 38. Rc1 Rh8 39. Qb2 Rh2 40. R4c3 Qe7 41. Rd3 Qh7 42. Qf2 Qh8 43. Rcc3 Rdh7 44. Rc4 Rxg2 45. Qxg2 Rh1+ 0-1